<?xml version="1.0" encoding="UTF-8"?><?xml-stylesheet type="text/xsl" href="static/style.xsl"?><OAI-PMH xmlns="http://www.openarchives.org/OAI/2.0/" xmlns:xsi="http://www.w3.org/2001/XMLSchema-instance" xsi:schemaLocation="http://www.openarchives.org/OAI/2.0/ http://www.openarchives.org/OAI/2.0/OAI-PMH.xsd"><responseDate>2026-04-17T01:08:31Z</responseDate><request verb="GetRecord" identifier="oai:www.recercat.cat:10459.1/57626" metadataPrefix="marc">https://recercat.cat/oai/request</request><GetRecord><record><header><identifier>oai:recercat.cat:10459.1/57626</identifier><datestamp>2024-12-05T22:27:24Z</datestamp><setSpec>com_2072_3622</setSpec><setSpec>col_2072_479130</setSpec></header><metadata><record xmlns="http://www.loc.gov/MARC21/slim" xmlns:dcterms="http://purl.org/dc/terms/" xmlns:xsi="http://www.w3.org/2001/XMLSchema-instance" xmlns:doc="http://www.lyncode.com/xoai" xsi:schemaLocation="http://www.loc.gov/MARC21/slim http://www.loc.gov/standards/marcxml/schema/MARC21slim.xsd">
   <leader>00925njm 22002777a 4500</leader>
   <datafield ind2=" " ind1=" " tag="042">
      <subfield code="a">dc</subfield>
   </datafield>
   <datafield ind2=" " ind1=" " tag="720">
      <subfield code="a">Mateos Inchaurrondo, Ainoa</subfield>
      <subfield code="e">author</subfield>
   </datafield>
   <datafield ind2=" " ind1=" " tag="720">
      <subfield code="a">Balsells, M. Àngels</subfield>
      <subfield code="e">author</subfield>
   </datafield>
   <datafield ind2=" " ind1=" " tag="720">
      <subfield code="a">Pastor Vicente, Crescencia</subfield>
      <subfield code="e">author</subfield>
   </datafield>
   <datafield ind2=" " ind1=" " tag="720">
      <subfield code="a">Vaquero Tió, Eduard</subfield>
      <subfield code="e">author</subfield>
   </datafield>
   <datafield ind2=" " ind1=" " tag="720">
      <subfield code="a">Mundet Bolós, Anna</subfield>
      <subfield code="e">author</subfield>
   </datafield>
   <datafield ind2=" " ind1=" " tag="260">
      <subfield code="c">2016-07-14T08:38:31Z</subfield>
   </datafield>
   <datafield ind2=" " ind1=" " tag="260">
      <subfield code="c">2016-07-14T08:38:31Z</subfield>
   </datafield>
   <datafield ind2=" " ind1=" " tag="260">
      <subfield code="c">2015</subfield>
   </datafield>
   <datafield ind2=" " ind1=" " tag="520">
      <subfield code="a">This study aims to investigate the risk factors and protection factors associated with kinship foster care families (FF) who have overcome difficulties and been strengthened by their experience. Eighty-nine semi-structured interviews with kinship FF (foster carers) from four regions in Spain were conducted to identify the risk factors and protection factors that influence the stability of kinship foster care. Following analysis of the interview content, the results were separated into risk factors and protection factors related to the foster children (FC), the foster care families (FF) and the biological families (BF). The main risk factors for the FC were problems arising from mental and behavioral disorders and disabilities, problems related to foster care families’ overprotection and to the negative perceptions of the FC, and problems arising from the BF inadequate relationship with the foster carers and their infrequent contact and relationship with their children. The main protection factors related to the FC were identified as their levels of autonomy, maturity and adaptability; for the foster carers, these factors were positive relationships with the foster child as well as the formal and informal support received; and for the biological family, these factors included a good relationship and contact with the child. Finally, it discuss the implications that protective and risk factors have for foster child, foster family and biological family.</subfield>
   </datafield>
   <datafield ind2=" " ind1=" " tag="520">
      <subfield code="a">This study has been developed by the research group GRISIJ (research group in social-educational child intervention) and financed by the Spanish Ministry of Science and Technology (EDU2008-00340/EDUC), the Department of Innovation, Universities and Business of Government of Catalonia (2009SGR1392), the University of Barcelona and the University of Lleida.</subfield>
   </datafield>
   <datafield ind1="8" ind2=" " tag="024">
      <subfield code="a">http://hdl.handle.net/10459.1/57626</subfield>
   </datafield>
   <datafield tag="653" ind2=" " ind1=" ">
      <subfield code="a">Foster care in kinship families</subfield>
   </datafield>
   <datafield tag="653" ind2=" " ind1=" ">
      <subfield code="a">Risk factors and protection factors</subfield>
   </datafield>
   <datafield tag="653" ind2=" " ind1=" ">
      <subfield code="a">Fostering children</subfield>
   </datafield>
   <datafield ind2="0" ind1="0" tag="245">
      <subfield code="a">Risk and protective factors associated with kinship care</subfield>
   </datafield>
</record></metadata></record></GetRecord></OAI-PMH>